Rings of operators /

Guardado en:
Autor Principal: Kaplansky, Irving, 1917-2006.
Formato: Libro
Idioma:English
Publicado: New York : W. A. Benjamin, 1968.
Series:Mathematics lecture note series
Etiquetas: Agregar Etiqueta
Sin Etiquetas, Sea el primero en etiquetar este registro!
LEADER 00768cam a22001935a 4500
001 MAT.inmabb002219
008 700802s1968####nyu######b####001#0#eng#d
005 20170808185514.0
245 1 0 |a Rings of operators /  |c Irving Kaplansky. 
260 |a New York :  |b W. A. Benjamin,  |c 1968. 
300 |a vi, 151 p. ;  |c 23 cm. 
440 0 |a Mathematics lecture note series 
500 |a "Revised ed. of notes taken by S. Berberian during a course given by the author at the University of Chicago in the summer of 1955, and issued the same year in mimeographed form."--LC catalog. 
504 |a Bibliografía: p. 143-145. 
510 4 |a MR,  |c 39 #6092 
100 1 |a Kaplansky, Irving,  |d 1917-2006. 
084 |a 46Lxx  |2 msc2000 
010 |a  68008872  
859 |h 46  |i K17r  |p A-3896  |b BIB. MATEMATICA